Roti Dan Cara Membuatnya
| Format: | Book |
|---|---|
| Published: |
Petaling Jaya :
Syarikat Buku Uni-Text ,
1975
|
| Series: | Kembara Pengetahuan Sains
|
| Subjects: |
MARC
| LEADER | 00000cam a2200000 7i4500 | ||
|---|---|---|---|
| 001 | 0000006965 | ||
| 002 | 000007501 | ||
| 005 | 20000330.0 | ||
| 020 | |a T000000587 | ||
| 090 | 0 | 0 | |a J500 |b KEM |
| 245 | 1 | 0 | |a Roti Dan Cara Membuatnya |
| 260 | |a Petaling Jaya : |b Syarikat Buku Uni-Text , |c 1975 | ||
| 300 | |a 56 p. : |b ill. ; |c 18 cm. | ||
| 490 | 0 | |a Kembara Pengetahuan Sains | |
| 650 | 0 | 0 | |a Bread |x Juvenile literature |
| 999 | |a 0006093 |b BUKU |c PINJAMAN |e PERPUSTAKAAN KOMUNITI PETALING JAYA | ||